00333nam a2200121Ia 4500008004100000082001100041245003400052250000600086260004300092300000800135630003400143730003400177090124s9999 xx 000 0 und d b301521 a रेशीम काटे a1 bवैद्य सुरेश.c1985 a230 a रेशीम काटे a रेशीम काटे